00746 a2200217 450000500170000001000150001702000260003203500140005803700090007208200080008124501410008925000060023026000290023627000880026530000230035365000350037665000310041170000280044270000300047070000280050020250306141058.0 aENG-143969 a9789390514434c895.00 aEN-127501 bDBAD a323 aGender in South Asia and Beyond:bEssays in Honour of Patricia Jeffrery/cEdited By Shruti Chaudhry; Hugo Gorringe [and] Radhika Govinda a1 aNew DelhibZubaan,c2024 aK-92, Ist Floor, Hauz Khas EnclavebNew DelhicDelhie110016mzubaanwbooks@vsnl.net a311p. :c21cm.(Hb) aPoor womenzIndiazMaharashtra aDalitszIndiazMaharashtra aGorringe, Hugo eEditor aChaudhry, Shruti eEditor aRadhika GovindaeEditor